MARC details
| 000 -LEADER |
| fixed length control field |
03570cas a2200745 a 4500 |
| 001 - CONTROL NUMBER |
| control field |
11344532 |
| 003 - CONTROL NUMBER IDENTIFIER |
| control field |
GZU |
| 005 - DATE AND TIME OF LATEST TRANSACTION |
| control field |
20201014161231.0 |
| 008 - FIXED-LENGTH DATA ELEMENTS--GENERAL INFORMATION |
| fixed length control field |
880512d19uu1996mduar s i0 a0eng |
| 010 ## - LIBRARY OF CONGRESS CONTROL NUMBER |
| LC control number |
88647378 |
| 015 ## - NATIONAL BIBLIOGRAPHY NUMBER |
| National bibliography number |
GB8952510 |
| Source |
bnb |
| 016 7# - NATIONAL BIBLIOGRAPHIC AGENCY CONTROL NUMBER |
| Record control number |
007739137 |
| Source |
Uk |
| 016 ## - NATIONAL BIBLIOGRAPHIC AGENCY CONTROL NUMBER |
| Record control number |
(AMICUS)000008095130 |
| 020 ## - INTERNATIONAL STANDARD BOOK NUMBER |
| International Standard Book Number |
0801850215 |
| 022 ## - INTERNATIONAL STANDARD SERIAL NUMBER |
| International Standard Serial Number |
1012-8026 |
| ISSN-L |
1012-8026 |
| Source |
0 |
| 035 ## - SYSTEM CONTROL NUMBER |
| System control number |
(OCoLC)ocm17941932 |
| 037 ## - SOURCE OF ACQUISITION |
| Source of stock number/acquisition |
International Bank for Reconstruction and Development, World Bank, 1818 H St., N.W., Washington, D.C. 20433 |
| 040 ## - CATALOGING SOURCE |
| Original cataloging agency |
DLC |
| Language of cataloging |
eng |
| Transcribing agency |
DLC |
| Modifying agency |
NSD |
| -- |
DLC |
| -- |
HUL |
| -- |
NST |
| -- |
COO |
| -- |
HUL |
| -- |
NSD |
| -- |
NST |
| -- |
IUL |
| -- |
NST |
| -- |
ELM |
| -- |
HUL |
| -- |
NST |
| -- |
DLC |
| -- |
HUL |
| -- |
WAU |
| -- |
DLC |
| -- |
HUL |
| -- |
HLS |
| -- |
HUL |
| -- |
OCLCQ |
| -- |
NLGGC |
| -- |
HUL |
| -- |
LGG |
| -- |
DLC |
| -- |
OCLCQ |
| -- |
UKMGB |
| -- |
TULIB |
| -- |
OCLCO |
| -- |
OCLCQ |
| -- |
OCLCF |
| -- |
OCLCO |
| -- |
OCLCQ |
| -- |
OCLCO |
| -- |
EUN |
| -- |
MNA |
| -- |
CNUTO |
| -- |
MTG |
| -- |
MTH |
| -- |
OCLCQ |
| -- |
XFF |
| -- |
CSA |
| -- |
ZAS |
| -- |
NLC |
| -- |
IOG |
| -- |
OCLCQ |
| -- |
OCLCO |
| -- |
OKS |
| -- |
BUF |
| -- |
OCLCQ |
| -- |
OCLCO |
| -- |
OCLCQ |
| -- |
GILDS |
| -- |
OCLCO |
| -- |
T9K |
| -- |
CNO |
| -- |
CCH |
| -- |
GZM |
| -- |
OCLCO |
| -- |
HBS |
| -- |
OCLCO |
| -- |
CEF |
| -- |
CSO |
| -- |
CPO |
| -- |
MAFCI |
| -- |
BGU |
| -- |
AU@ |
| -- |
OCLCO |
| -- |
UCW |
| -- |
OCLCO |
| -- |
TYC |
| -- |
AZU |
| -- |
QE2 |
| -- |
OCLCO |
| -- |
OCLCA |
| -- |
EXG |
| -- |
OCLCO |
| 042 ## - AUTHENTICATION CODE |
| Authentication code |
pcc |
| -- |
nsdp |
| 043 ## - GEOGRAPHIC AREA CODE |
| Geographic area code |
d------ |
| 050 00 - LIBRARY OF CONGRESS CALL NUMBER |
| Classification number |
HC59.69 |
| Item number |
.SOC 1995 |
| 050 #4 - LIBRARY OF CONGRESS CALL NUMBER |
| Classification number |
HN25 |
| Item number |
.SOC 1987 |
| 210 0# - ABBREVIATED TITLE |
| Abbreviated title |
Soc. indic. dev. |
| 222 #0 - KEY TITLE |
| Key title |
Social indicators of development |
| 245 00 - TITLE STATEMENT |
| Title |
Social indicators of development 1995. |
| 246 13 - VARYING FORM OF TITLE |
| Title proper/short title |
SID |
| 260 ## - PUBLICATION, DISTRIBUTION, ETC. |
| Place of publication, distribution, etc. |
Washington, D.C. : |
| Name of publisher, distributor, etc. |
World Bank, |
| Date of publication, distribution, etc. |
-©1996. |
| 300 ## - PHYSICAL DESCRIPTION |
| Extent |
volumes : |
| Other physical details |
illustrations ; |
| Dimensions |
27 cm |
| 310 ## - CURRENT PUBLICATION FREQUENCY |
| Current publication frequency |
Annual |
| 336 ## - CONTENT TYPE |
| Content type term |
text |
| Content type code |
txt |
| Source |
rdacontent |
| 337 ## - MEDIA TYPE |
| Media type term |
unmediated |
| Media type code |
n |
| Source |
rdamedia |
| 338 ## - CARRIER TYPE |
| Carrier type term |
volume |
| Carrier type code |
nc |
| Source |
rdacarrier |
| 362 0# - DATES OF PUBLICATION AND/OR SEQUENTIAL DESIGNATION |
| Dates of publication and/or sequential designation |
-1996. |
| 500 ## - GENERAL NOTE |
| General note |
Imprint varies: Baltimore : Published for the World Bank [by] the Johns Hopkins University Press, <1988-> |
| 530 ## - ADDITIONAL PHYSICAL FORM AVAILABLE NOTE |
| Additional physical form available note |
Also issued on computer disk. |
| 550 ## - ISSUING BODY NOTE |
| Issuing body note |
Volumes for <1987>- prepared by the Socio-Economic Data Division, International Economics Dept. of the World Bank. |
| 588 ## - SOURCE OF DESCRIPTION NOTE |
| Source of description note |
Description based on: 1987. |
| 590 ## - LOCAL NOTE (RLIN) |
| Local note |
SERBIB/SERLOC merged record |
| 650 #0 - SUBJECT ADDED ENTRY--TOPICAL TERM |
| Topical term or geographic name entry element |
Economic indicators |
| Geographic subdivision |
Developing countries |
| Form subdivision |
Periodicals. |
| 650 #0 - SUBJECT ADDED ENTRY--TOPICAL TERM |
| Topical term or geographic name entry element |
Social indicators |
| Geographic subdivision |
Developing countries |
| Form subdivision |
Periodicals. |
| 650 #2 - SUBJECT ADDED ENTRY--TOPICAL TERM |
| Topical term or geographic name entry element |
Developing Countries |
| Form subdivision |
Periodicals. |
| 650 #2 - SUBJECT ADDED ENTRY--TOPICAL TERM |
| Topical term or geographic name entry element |
Economics |
| Form subdivision |
Periodicals. |
| 650 #2 - SUBJECT ADDED ENTRY--TOPICAL TERM |
| Topical term or geographic name entry element |
Social Conditions |
| Form subdivision |
Periodicals. |
| 650 #4 - SUBJECT ADDED ENTRY--TOPICAL TERM |
| Topical term or geographic name entry element |
Social conditions. |
| 650 #7 - SUBJECT ADDED ENTRY--TOPICAL TERM |
| Topical term or geographic name entry element |
Economic indicators. |
| Source of heading or term |
fast |
| Authority record control number or standard number |
(OCoLC)fst00901996 |
| 650 #7 - SUBJECT ADDED ENTRY--TOPICAL TERM |
| Topical term or geographic name entry element |
Social indicators. |
| Source of heading or term |
fast |
| Authority record control number or standard number |
(OCoLC)fst01122522 |
| 650 17 - SUBJECT ADDED ENTRY--TOPICAL TERM |
| Topical term or geographic name entry element |
Armoede. |
| Source of heading or term |
gtt |
| 650 17 - SUBJECT ADDED ENTRY--TOPICAL TERM |
| Topical term or geographic name entry element |
Sociale indicatoren. |
| Source of heading or term |
gtt |
| 650 17 - SUBJECT ADDED ENTRY--TOPICAL TERM |
| Topical term or geographic name entry element |
Economische indicatoren. |
| Source of heading or term |
gtt |
| 651 #7 - SUBJECT ADDED ENTRY--GEOGRAPHIC NAME |
| Geographic name |
Developing countries. |
| Source of heading or term |
fast |
| Authority record control number or standard number |
(OCoLC)fst01242969 |
| 653 ## - INDEX TERM--UNCONTROLLED |
| Uncontrolled term |
Social indicators -- |
| -- |
Developing countries |
| 653 ## - INDEX TERM--UNCONTROLLED |
| Uncontrolled term |
Economic indicators -- |
| -- |
Developing countries |
| 653 ## - INDEX TERM--UNCONTROLLED |
| Uncontrolled term |
Development indicators |
| 655 #2 - INDEX TERM--GENRE/FORM |
| Genre/form data or focus term |
Periodical. |
| 655 #7 - INDEX TERM--GENRE/FORM |
| Genre/form data or focus term |
Periodicals. |
| Source of term |
fast |
| Authority record control number or standard number |
(OCoLC)fst01411641 |
| 655 #7 - INDEX TERM--GENRE/FORM |
| Genre/form data or focus term |
Periodicals. |
| Source of term |
lcgft |
| 710 2# - ADDED ENTRY--CORPORATE NAME |
| Corporate name or jurisdiction name as entry element |
World Bank. |
| Subordinate unit |
Socio-Economic Data Division. |
| 776 08 - ADDITIONAL PHYSICAL FORM ENTRY |
| Relationship information |
Online version: |
| Title |
Social indicators of development |
| Record control number |
(OCoLC)551278228 |
| 776 08 - ADDITIONAL PHYSICAL FORM ENTRY |
| Relationship information |
Online version: |
| Title |
Social indicators of development |
| Record control number |
(OCoLC)607142161 |
| 785 04 - SUCCEEDING ENTRY |
| Title |
World development indicators |
| Record control number |
(DLC) 97657666 |
| -- |
(OCoLC)4227337 |
| 787 1# - OTHER RELATIONSHIP ENTRY |
| Title |
Social indicators of development (Diskette) |
| Record control number |
(DLC) 94645432 |
| -- |
(OCoLC)29230481 |
| 906 ## - LOCAL DATA ELEMENT F, LDF (RLIN) |
| a |
7 |
| b |
cbc |
| c |
serials |
| d |
2 |
| e |
ncip |
| f |
19 |
| g |
n-oclcserc |
| 942 ## - ADDED ENTRY ELEMENTS (KOHA) |
| Source of classification or shelving scheme |
Library of Congress Classification |
| Koha item type |
Books |
| Classification part |
59.69 |
| Item part |
SOC |
| Call number prefix |
HC |